Kremienok

Bibliographic Details
Corporate Author: Kremienok detský folklórny súbor : Bratislava, Slovensko (uci)
Other Authors: Jakubík, Emil (gup)
Format: Book
Language:Slovak
PhysicalDescription:1 magnetofónová kazeta (69 min. 13 sek.) stereo
Published: Bratislava Akcent 2002
Subjects:

MARC

LEADER 00000nam a2200000 a 4500
001 vtls001438807
003 SK-MaSNL
005 20260301202905.0
008 130607s2002 xo 0 slo
015 |a SNBJ2002/03-01058 
035 |a SNK000393947 
040 |a SNK  |b slo  |c SNK  |e AACR2 
044 |a xo  |c SK 
080 |a 785.14:784.4(086.7)  |2 1981 
080 |a 784.4  |2 1981 
245 1 |a Kremienok  |h zvukový dokument 
260 |a Bratislava  |b Akcent  |c 2002 
300 |a 1 magnetofónová kazeta (69 min. 13 sek.)  |b stereo 
500 |a Dizajn Emil Jakubík 
505 0 |a Obsahuje 15 piesní 
511 |a Účinkuje detský folklórny súbor Kremienok 
610 0 7 |a Kremienok  |a detský folklórny súbor : Bratislava, Slovensko  |2 SNK  |9 392925 
611 1 7 |a Kremienok  |a detský folklórny súbor : Bratislava, Slovensko  |2 SNK  |9 392926 
650 0 7 |a ľudová hudba  |x piesne ľudové  |x kazety magnetofónové  |2 SNK  |9 283675 
650 0 7 |a piesne ľudové  |x kazety magnetofónové  |2 SNK  |9 283676 
655 7 |a magnetofónové kazety  |2 SNK  |9 70693 
700 1 |a Jakubík, Emil  |4 gup  |9 392927 
710 0 |a Kremienok detský folklórny súbor : Bratislava, Slovensko  |4 uci  |9 392925 
999 |c 900596  |d 902526 
952 |t P60, <03>, [BOOK], {603}  |a SNK  |b SNK  |y PREZ  |7 0  |p 17A0352365  |o snkK 2329  |i snkJK 506/2002  |0 0  |1 0  |4 0  |d 2002-08-06  |l 0  |r 2005-01-02 00:00:00  |w 2026-02-24